Prairie, lake, forest : Minnesota's state parks / ... Read More
Available copies
- 2 of 4 copies available at LARL/NWRL Consortium. (Show)
- 1 of 2 copies available at Northwest Regional Library.
Current holds
0 current holds with 4 total copies.
Show All Copies
| Location | Call Number / Copy Notes | Barcode | Shelving Location | Status | Due Date |
|---|---|---|---|---|---|
| Roseau Public Library | 333.783 OHM (Text) | 35500005920812 | Main | Available | - |
Record details
- ISBN: 9780873517713 (cloth : alk. paper)
- ISBN: 0873517717 (cloth : alk. paper)
- Physical Description: p. cm.
- Publisher: St. Paul, MN : Minnesota Historical Society Press, c2010.
Content descriptions
| General Note: | Includes index. |
Search for related items by subject
| Subject: | Parks > Minnesota > Pictorial works. |
| LDR | 01831nam a22003858a 4500 | ||
|---|---|---|---|
| 001 | 113199 | ||
| 003 | LARL_NWRL_CONSORTIUM | ||
| 005 | 20100127112144.0 | ||
| 008 | 091027s2010 mnu 001 0 eng | ||
| 010 | . | ‡a2009042010 | |
| 020 | . | ‡a9780873517713 (cloth : alk. paper) | |
| 020 | . | ‡a0873517717 (cloth : alk. paper) | |
| 035 | . | ‡a(OCoLC)460933425 | |
| 040 | . | ‡aDLC ‡cDLC | |
| 043 | . | ‡an-us-mn | |
| 082 | 0 | 0. | ‡a333.78/309776 ‡222 |
| 100 | 1 | . | ‡aOhman, Doug. ‡0(LARL_NWRL_CONSORTIUM)191888 |
| 245 | 1 | 0. | ‡aPrairie, lake, forest : ‡bMinnesota's state parks / ‡cphotography by Doug Ohman ; text by Chris Niskanen. |
| 260 | . | ‡aSt. Paul, MN : ‡bMinnesota Historical Society Press, ‡cc2010. | |
| 300 | . | ‡ap. cm. | |
| 500 | . | ‡aIncludes index. | |
| 650 | 0. | ‡aParks ‡zMinnesota ‡vPictorial works. | |
| 700 | 1 | . | ‡aNiskanen, Chris. ‡0(LARL_NWRL_CONSORTIUM)216641 |
| 901 | . | ‡a113199 ‡bOCLC ‡c113199 ‡tbiblio | |

Add to basket
Permalink
Disable Highlighting